Online
Catalog

Evaluacion de tareas y administracion de remuneraciones. (Record no. 11362)

MARC details
000 -CABECERA
campo de control de longitud fija 00661cam a2200205u 4500
001 - NÚMERO DE CONTROL
campo de control 000011675
005 - FECHA Y HORA DE LA ÚLTIMA TRANSACCIÓN
campo de control 20200929162526.0
008 - DATOS DE LONGITUD FIJA--INFORMACIÓN GENERAL
campo de control de longitud fija 820607s1972 ag a 000 0 spa
010 ## - NÚMERO DE CONTROL DE LA BIBLIOTECA DEL CONGRESO
Número de control de LC 73319880
040 ## - FUENTE DE LA CATALOGACIÓN
Centro catalogador/agencia de origen DO-SdBNP
Centro/agencia transcriptor CarP
Centro/agencia modificador DLC
050 00 - SIGNATURA TOPOGRÁFICA DE LA BIBLIOTECA DEL CONGRESO
Número de clasificación HF5549.5.J62
Número de documento/Ítem M37
100 1# - ENTRADA PRINCIPAL--NOMBRE DE PERSONA
Nombre de persona Maristany, Jaime. [from old catalog]
9 (RLIN) 27669
245 10 - MENCIÓN DE TÍTULO
Título Evaluacion de tareas y administracion de remuneraciones.
250 ## - MENCIÓN DE EDICIÓN
Mención de edición 1a. ed.
260 ## - PUBLICACIÓN, DISTRIBUCIÓN, ETC.
Lugar de publicación, distribución, etc. [Buenos Aires, :
Nombre del editor, distribuidor, etc. Ediciones Contabilidad Moderna,
Fecha de publicación, distribución, etc. 1972].
300 ## - DESCRIPCIÓN FÍSICA
Extensión 397 p. :
Otras características físicas illus. ;
Dimensiones 24 cm.
650 #0 - PUNTO DE ACCESO ADICIONAL DE MATERIA--TÉRMINO DE MATERIA
Término de materia o nombre geográfico como elemento de entrada Job evaluation. [from old catalog]
9 (RLIN) 27670
650 #0 - PUNTO DE ACCESO ADICIONAL DE MATERIA--TÉRMINO DE MATERIA
Término de materia o nombre geográfico como elemento de entrada Wages.
9 (RLIN) 27671
910 ## - DATOS DE OPCIÓN DEL USUARIO (OCLC)
Datos de opción del usuario Catalogación por copia / LC
Holdings
Estado de retiro Estado de pérdida Restricciones de uso No para préstamo Código de colección Localización permanente Ubicación/localización actual Ubicación en estantería Fecha de adquisición Número de inventario Total de préstamos Signatura topográfica completa Código de barras Fecha visto por última vez Precio válido a partir de Tipo de ítem Koha
    Préstamo interno   Monografías: Libros y Folletos General General En catalogación 23.10.2009 LF1   11675-10 25.06.2020 25.06.2020 Préstamo interno

Powered by Koha